The Royal Bengal Mystery (Record no. 1082752)

MARC details
000 -LEADER
fixed length control field 00343nam a2200121Ia 4500
008 - FIXED-LENGTH DATA ELEMENTS--GENERAL INFORMATION
fixed length control field 231228s1997 xx 000 0 und d
041 ## - LANGUAGE CODE
Language code of text/sound track or separate title eng
082 ## - DEWEY DECIMAL CLASSIFICATION NUMBER
Classification number 891.4437
Item number RAY
100 ## - MAIN ENTRY--PERSONAL NAME
Personal name RAY (Satya Jit)
245 ## - TITLE STATEMENT
Title The Royal Bengal Mystery
260 ## - PUBLICATION, DISTRIBUTION, ETC.
Place of publication, distribution, etc. New Delhi
Name of publisher, distributor, etc. Penguin Books India Pvt. Ltd. New Delhi , London
Date of publication, distribution, etc. 1997
300 ## - PHYSICAL DESCRIPTION
Extent viii, 349

No items available.